Recomendacao do cultivar de feijao EMPASC 201 - Chapeco para cultivo em Santa Catarina [Brasil] (Registro n. 276539)
[ somente texto ]
| 000 -LÍDER | |
|---|---|
| campo de controle de tamanho fixo | 00993nac a22002897a 4500 |
| 001 - NÚMERO DE CONTROLE | |
| campo de controle | BR8304576 |
| 003 - IDENTIFICADOR DO NÚMERO DE CONTROLE | |
| campo de controle | BR-BrBNA |
| 005 - DATA E HORÁRIO DA ÚLTIMA TRANSAÇÃO | |
| campo de controle | 20240105115821.0 |
| 008 - CAMPO DE DADOS FIXOS--INFORMAÇÃO GERAL | |
| campo de controle de tamanho fixo | 230509b bl.|||m| |||| 00| 0 por d |
| 040 ## - FONTE DA CATALOGAÇÃO | |
| Instituição da catalogação original | BR-BrBNA |
| Idioma da catalogação | por |
| Instituição que transcreveu o registro | Biblioteca Nacional de Agricultura |
| 072 ## - CÓDIGO DE CATEGORIA DE ASSUNTO | |
| Código de Categoria de Assunto | F30 |
| 090 ## - NÚMERO DE CHAMADA LOCAL | |
| Número de chamada | 1410 BR8304576 |
| 100 1# - ENTRADA PRINCIPAL--NOME PESSOAL | |
| Nome pessoal | Flesch, R.D. |
| 100 1# - ENTRADA PRINCIPAL--NOME PESSOAL | |
| Nome pessoal | Mondardo, E. |
| 110 1# - ENTRADA PRINCIPAL--NOME CORPORATIVO | |
| Nome corporativo ou nome da jurisdição | Empresa Catarinense de Pesquisa Agropecuaria S.A., Florianopolis, SC (Brasil) |
| 245 1# - TÍTULO | |
| Título | Recomendacao do cultivar de feijao EMPASC 201 - Chapeco para cultivo em Santa Catarina [Brasil] |
| 260 3# - PUBLICAÇÃO, DISTRIBUIÇÃO, ETC. | |
| Local de publicação, distribuição, etc. | Florianopolis, SC (Brasil): |
| Data da publicação, distribuição, etc. | 1983. |
| 300 ## - DESCRIÇÃO FÍSICA | |
| Extensão | 10 p. |
| 490 ## - TÍTULO DA SÉRIE | |
| Título da série | Comunicado Tecnico - Empresa Catarinense de Pesquisa Agropecuaria S.A. (Brazil) |
| Número do volume ou designação sequencial da série | no. 58 |
| ISSN - International Standard Serial Number | ISSN 0100-4719 |
| 650 ## - ASSUNTO--TERMO TÓPICO | |
| Cabeçalho tópico ou nome geográfico | FEIJAO |
| 650 ## - ASSUNTO--TERMO TÓPICO | |
| Cabeçalho tópico ou nome geográfico | GENETICA VEGETAL |
| 650 ## - ASSUNTO--TERMO TÓPICO | |
| Cabeçalho tópico ou nome geográfico | VARIEDADE |
| 650 ## - ASSUNTO--TERMO TÓPICO | |
| Cabeçalho tópico ou nome geográfico | COMPORTAMENTO DE VARIEDADE |
| 650 ## - ASSUNTO--TERMO TÓPICO | |
| Cabeçalho tópico ou nome geográfico | SANTA CATARINA |
| 909 ## - | |
| -- | 202312 |
| -- | Lúcia Elande |
| -- | 55 |
| -- | Lúcia Elande |
| 942 ## - ELEMENTOS DE ENTRADA ADICIONADOS (KOHA) | |
| Fonte da classificação ou esquema de arquivamento na estante | Classificação AGRIS |
| Ocultar no OPAC | Não |
| Tipo de material Koha | Monografia Seriada |
| Situação do descarte | Fonte da classificação ou esquema de arquivamento na estante | Situação física | Não pode ser emprestado | Coleção | Biblioteca de origem | Biblioteca atual | Localização na estante | Total de empréstimos | Número de telefone completo | Código de barras | Data de último acesso | Tipo de material Koha | Fonte de aquisição |
|---|---|---|---|---|---|---|---|---|---|---|---|---|---|
| Classificação AGRIS | Biblioteca Nacional de Agricultura - Binagri | Biblioteca Nacional de Agricultura - Binagri | Agrobase - Acervo Geral | 1410 BR8304576 | 1410 BR8304576 | 18/12/2023 | Monografia Seriada | Portaria Interministerial nº 164/94 |

BINAGRI